000 00431cam a22001575a 4500
001 J100811
008 000000s1915 xxk 000 0 eng u
035 _a(Sirsi) u100811
110 _aSurveyors' Institution
_93783
245 _aRules of examination, edition governing examinations after 1915. March 1915.
260 _c1915
300 _a22p.
651 4 _aUnited Kingdom
_y
690 _aBusiness and management
942 _n0
999 _c99848
_d99848